افغان اللہ خان کی علمی و ادبی جہتیں / (Record no. 190892)

MARC details
000 -LEADER
fixed length control field 00680nam a22001937a 4500
005 - DATE AND TIME OF LATEST TRANSACTION
control field 20220810105735.0
010 ## - LCCN (DPL NO)
LC control number UR-11665
020 ## - INTERNATIONAL STANDARD BOOK NUMBER
International Standard Book Number 9789393785763
Terms of availability 300.00
035 ## - SYSTEM CONTROL NUMBER
System control number U-10220
037 ## - SOURCE OF ACQUISITION
Source of stock number/acquisition DBAD/PUB
Stock number -
082 ## - DEWEY DECIMAL CLASSIFICATION NUMBER
Classification number 841
100 ## - MAIN ENTRY--PERSONAL NAME
Personal name اشفا ق احمد
245 ## - TITLE STATEMENT
Title افغان اللہ خان کی علمی و ادبی جہتیں /
Statement of responsibility, etc اشفا ق احمد
Medium ا ر د و
246 ## - VARYING FORM OF TITLE
Title proper/short title Afghanullah Khan Ki Ilmi Wa Adabi Jehtein /
Remainder of title by Ashfaq Ahmed
260 ## - PUBLICATION, DISTRIBUTION, ETC. (IMPRINT)
Place of publication, distribution, etc New Delhi
Name of publisher, distributor, etc Educational Publishing House
Date of publication, distribution, etc 2022 ء
270 ## - ADDRESS
Address H.O.D1/16, Ansari Road, Darya Ganj
City New Delhi
Postal code 110002
300 ## - PHYSICAL DESCRIPTION
Extent 221 ص
Dimensions 23cm(Hb)
942 ## - ADDED ENTRY ELEMENTS (KOHA)
Source of classification or shelving scheme Dewey Decimal Classification
Item type Urdu Bks
Classification part 841
Call number suffix ا ش ف
Holdings
Withdrawn status Lost status Not for loan Collection code Home library Current library Date acquired Source of acquisition Cost, normal purchase price Full call number Barcode Copy number Cost, replacement price Koha item type
      Non-fiction Central Library Central Library 10/08/2022 DBAD/PUB 300.00 841 ا ش ف U-10220 1 300.00 Urdu Bks

© Delhi Public Library
Hit Counter
free hit counter